000 00902nam a22002537a 4500
003 PE SENCICO BE
005 20251020182623.0
008 230103b |||||||| |||| 00| 0 eng d
020 _a978-987-584-317-2
040 _aPE SENCICO BE
_cPE SENCICO BE
041 _aspa
_aeng
082 _a720.3
_bB84
100 1 _9383
_aBroto i Comerma, Carles
245 1 _aDiccionario visual :
_barquitectura y construcción = visual dictionary of architecture & construction /
_cCarles Broto i Comerma
260 _aBarcelona:
_bLinksbooks,
_bPlutón Ediciones,
_c2017
300 _a309 p. :
_bil., diagrs.,
_c29 cm.
500 _aTexto en español e inglés.
650 1 4 _949
_aArquitectura
_vDiccionarios
650 2 4 _9177
_aConstrucción
_vDiccionarios
650 2 4 _918
_aDiseño arquitectónico
650 2 4 _915
_aEstructuras
910 _bhfp
_chfp
942 _2ddc
_cLIB
_h726
_iG25
999 _c3736
_d3736